000
00333nam a2200145Ia 4500
100
_a
Sastri/ S.S.
942
_c
BK
654
_a
Numerical Analysis
245
_a
Introductory Method Of Numerical Analysis
260
_b
Prentice-hall
_a
NEW DELHI
_c
1979
082
_a
519.4
_b
Sas
300
_a
200
546
_a
ENGLISH
999
_c
25111
_d
25111